[Event "Gibtelecom AmatWk1 8th"]
[Site "Gibraltar"]
[Date "2010.01.29"]
[Round "4.6"]
[White "Tomassetti, Giuseppe"]
[Black "Coats, Jon R"]
[Result "1/2-1/2"]
[WhiteElo "1704"]
[BlackElo "1696"]
[PlyCount "34"]
[EventDate "2010.01.26"]
[EventType "swiss"]
[EventRounds "5"]
[EventCountry "GGB"]
[SourceTitle "BritBase"]
[Source "www.saund.co.uk"]
[SourceDate "2018.02.10"]
[SourceVersion "1"]
[SourceVersionDate "2018.02.10"]
[SourceQuality "1"]

1. e4 d6 2. d4 Nf6 3. Nc3 Nbd7 4. f4 e5 5. Nf3 exd4 6. Qxd4 c6 7. Bc4 d5 8.
exd5 Bc5 9. Qd3 Qe7+ 10. Qe2 Qxe2+ 11. Nxe2 Nb6 12. Bd3 Nbxd5 13. Bd2 Ng4 14.
Ned4 Nge3 15. Bxe3 Nxe3 16. Kf2 Nf5 17. c3 O-O 1/2-1/2

[Event "Gibtelecom AmatWk1 8th"]
[Site "Gibraltar"]
[Date "2010.01.29"]
[Round "4.7"]
[White "Jacobsen, Caroline Beer"]
[Black "McGladdery, David G"]
[Result "1/2-1/2"]
[WhiteElo "1300"]
[BlackElo "1664"]
[PlyCount "80"]
[EventDate "2010.01.26"]
[EventType "swiss"]
[EventRounds "5"]
[EventCountry "GGB"]
[SourceTitle "BritBase"]
[Source "www.saund.co.uk"]
[SourceDate "2018.02.10"]
[SourceVersion "1"]
[SourceVersionDate "2018.02.10"]
[SourceQuality "1"]

1. e4 c6 2. d4 d5 3. Nc3 dxe4 4. Nxe4 Bf5 5. Ng3 Bg6 6. Nf3 Nd7 7. Bc4 e6 8.
Bf4 Be7 9. Qd2 Nb6 10. Bb3 Nd5 11. Ne5 Nxf4 12. Qxf4 Bd6 13. Qe3 Bxe5 14. Qxe5
Nf6 15. O-O-O O-O 16. f3 Nd7 17. Qf4 Rc8 18. h4 h5 19. Qg5 Nf6 20. Bxe6 Rc7 21.
Qxg6 fxe6 22. Nxh5 Qd5 23. Nxf6+ Rxf6 24. Qg3 Rc8 25. Kb1 c5 26. Qe5 Qc4 27. d5
Rd8 28. d6 Rf5 29. Qe3 Kh8 30. Rhe1 Rd5 31. Rxd5 Qxd5 32. Qxe6 Qd2 33. g4 Qf2
34. Qe7 Kh7 35. Rd1 Qxf3 36. Kc1 Qf4+ 37. Rd2 Qf1+ 38. Rd1 Qf4+ 39. Rd2 Qf1+
40. Rd1 Qf4+ 1/2-1/2

[Event "Gibtelecom AmatWk1 8th"]
[Site "Gibraltar"]
[Date "2010.01.29"]
[Round "4.8"]
[White "Reci, Nadja"]
[Black "Poggio, Freddie"]
[Result "1/2-1/2"]
[WhiteElo "1544"]
[BlackElo "1640"]
[PlyCount "78"]
[EventDate "2010.01.26"]
[EventType "swiss"]
[EventRounds "5"]
[EventCountry "GGB"]
[SourceTitle "BritBase"]
[Source "www.saund.co.uk"]
[SourceDate "2018.02.10"]
[SourceVersion "1"]
[SourceVersionDate "2018.02.10"]
[SourceQuality "1"]

1. d4 Nf6 2. Nf3 d5 3. g3 Nc6 4. Bg2 Bg4 5. O-O e6 6. c3 Be7 7. Bf4 O-O 8. Nbd2
Nh5 9. Be3 Nf6 10. Re1 Ne8 11. Qc2 Bf5 12. Qc1 Nd6 13. a3 Na5 14. b3 Rc8 15. c4
c5 16. dxc5 Ne4 17. cxd5 exd5 18. b4 Nxd2 19. Nxd2 Nc6 20. Nb3 Bf6 21. Ra2 Be6
22. Qd1 Ne7 23. Nd4 Nf5 24. Nxf5 Bxf5 25. Qxd5 Be6 26. Qxd8 Rfxd8 27. Rd2 Rxd2
28. Bxd2 Rd8 29. Be3 Bb2 30. Bc1 Bc3 31. Rf1 Bc4 32. Bf3 a5 33. bxa5 h6 34. Be3
Bxa5 35. Bxb7 Bxe2 36. Rc1 g5 37. c6 Bc7 38. a4 Rd1+ 39. Rxd1 Bxd1 1/2-1/2

[Event "Gibtelecom AmatWk1 8th"]
[Site "Gibraltar"]
[Date "2010.01.29"]
[Round "4.9"]
[White "Walshaw, David"]
[Black "Barros Campoy, Jose Manuel"]
[Result "0-1"]
[WhiteElo "1640"]
[BlackElo "1585"]
[PlyCount "64"]
[EventDate "2010.01.26"]
[EventType "swiss"]
[EventRounds "5"]
[EventCountry "GGB"]
[SourceTitle "BritBase"]
[Source "www.saund.co.uk"]
[SourceDate "2018.02.10"]
[SourceVersion "1"]
[SourceVersionDate "2018.02.10"]
[SourceQuality "1"]

1. e4 Nf6 2. Nc3 d5 3. e5 d4 4. exf6 dxc3 5. bxc3 exf6 6. d4 Bd6 7. Bd3 O-O 8.
Ne2 Bg4 9. O-O Re8 10. f3 Bh5 11. Be4 c6 12. Bf4 Qc7 13. Qd2 Nd7 14. Rab1 Nb6
15. Bxd6 Qxd6 16. Qd3 Bg6 17. c4 Qc7 18. Ng3 Rad8 19. Rb3 Nd7 20. Rfb1 Nc5 21.
Qc3 Nxb3 22. Qxb3 b6 23. d5 cxd5 24. cxd5 Qc5+ 25. Kh1 Rc8 26. Rc1 Qd4 27. c4
Qc5 28. Bxg6 hxg6 29. Ne4 Qxd5 30. Rd1 Qxc4 31. Qxc4 Rxc4 32. Nd6 Rd4 0-1

[Event "Gibtelecom AmatWk1 8th"]
[Site "Gibraltar"]
[Date "2010.01.29"]
[Round "4.10"]
[White "Gallardo Ribot, Laura"]
[Black "Haddock, Paul"]
[Result "1-0"]
[WhiteElo "1698"]
[BlackElo "1793"]
[PlyCount "71"]
[EventDate "2010.01.26"]
[EventType "swiss"]
[EventRounds "5"]
[EventCountry "GGB"]
[SourceTitle "BritBase"]
[Source "www.saund.co.uk"]
[SourceDate "2018.02.10"]
[SourceVersion "1"]
[SourceVersionDate "2018.02.10"]
[SourceQuality "1"]

1. e4 c5 2. Nc3 Nc6 3. f4 d6 4. Nf3 Bg4 5. Bb5 a6 6. Bxc6+ bxc6 7. d3 Rb8 8. h3
Bxf3 9. Qxf3 e5 10. f5 Be7 11. b3 Nf6 12. Bd2 O-O 13. O-O-O Re8 14. g4 d5 15.
g5 dxe4 16. Nxe4 Nxe4 17. dxe4 Bxg5 18. Qc3 Bxd2+ 19. Rxd2 Qe7 20. Rg1 Rbd8 21.
Rdg2 f6 22. Qc4+ Kf8 23. Qxa6 Ra8 24. Qxc6 Rxa2 25. Rxg7 Ra1+ 26. Kb2 Rxg1 27.
Rxe7 Rxe7 28. Qxf6+ Ke8 29. Qc6+ Kf7 30. Qxc5 Rg3 31. Qd5+ Kf8 32. Qd6 Kf7 33.
Qh6 Ke8 34. Qh5+ Kd7 35. f6 Rf7 36. Qxf7+ 1-0

[Event "Gibtelecom AmatWk1 8th"]
[Site "Gibraltar"]
[Date "2010.01.29"]
[Round "4.11"]
[White "Agdestein, Sjur"]
[Black "Garcia, Mario"]
[Result "1-0"]
[WhiteElo "1729"]
[BlackElo "1663"]
[PlyCount "83"]
[EventDate "2010.01.26"]
[EventType "swiss"]
[EventRounds "5"]
[EventCountry "GGB"]
[SourceTitle "BritBase"]
[Source "www.saund.co.uk"]
[SourceDate "2018.02.10"]
[SourceVersion "1"]
[SourceVersionDate "2018.02.10"]
[SourceQuality "1"]

1. e4 c5 2. Nf3 Nc6 3. d4 cxd4 4. Nxd4 Nf6 5. Nc3 d6 6. f3 e6 7. Be3 Be7 8. Qd2
Bd7 9. O-O-O a6 10. g4 Rc8 11. g5 Nh5 12. Kb1 b5 13. f4 Nxd4 14. Qxd4 e5 15.
fxe5 Bg4 16. Rd2 dxe5 17. Qxe5 Qc7 18. Qxc7 Rxc7 19. Rg1 Be6 20. Nd5 Rd7 21.
Be2 g6 22. a4 O-O 23. Nxe7+ Rxe7 24. Bc5 Ree8 25. Bxf8 Rxf8 26. axb5 Nf4 27.
Bf1 axb5 28. Bxb5 Nh3 29. Rg3 Kg7 30. Bf1 Nf4 31. Rf2 Rd8 32. b3 Nh5 33. Rd3
Rb8 34. Bh3 Bxh3 35. Rxh3 Rb5 36. Rhf3 Rb7 37. c4 Kg8 38. Rd3 Re7 39. c5 Ng7
40. Rd8+ Ne8 41. c6 Kg7 42. Rd7 1-0

[Event "Gibtelecom AmatWk1 8th"]
[Site "Gibraltar"]
[Date "2010.01.29"]
[Round "4.12"]
[White "Carlsen, Ingrid Oen"]
[Black "Fetzner, Frank"]
[Result "1/2-1/2"]
[WhiteElo "1508"]
[BlackElo "1592"]
[PlyCount "98"]
[EventDate "2010.01.26"]
[EventType "swiss"]
[EventRounds "5"]
[EventCountry "GGB"]
[SourceTitle "BritBase"]
[Source "www.saund.co.uk"]
[SourceDate "2018.02.10"]
[SourceVersion "1"]
[SourceVersionDate "2018.02.10"]
[SourceQuality "1"]

1. e4 c6 2. d4 d5 3. Nc3 dxe4 4. Nxe4 Bf5 5. Ng3 Bg6 6. Nf3 e6 7. h4 h6 8. h5
Bh7 9. Bd3 Bd6 10. Bxh7 Rxh7 11. Qd3 Nf6 12. Ne4 Nxe4 13. Qxe4 Rh8 14. c4 Nd7
15. Bf4 Nf6 16. Qe3 Qa5+ 17. Nd2 O-O-O 18. Bxd6 Rxd6 19. Qe5 Qc7 20. c5 Rd5 21.
Qxc7+ Kxc7 22. Nb3 Rxh5 23. Rxh5 Nxh5 24. g3 Nf6 25. Rd1 g5 26. Nd2 g4 27. Ke2
h5 28. Nc4 Ne4 29. Ne5 f6 30. Ng6 Rh6 31. Nf4 e5 32. dxe5 fxe5 33. Nd3 Ng5 34.
Ke3 Nf3 35. Ne1 Nxe1 36. Rxe1 Kd7 37. Rd1+ Ke7 38. Rh1 Ke6 39. Ke4 b6 40. b4
Rh8 41. Rd1 h4 42. Rd6+ Kf7 43. gxh4 Rxh4 44. Kxe5 bxc5 45. bxc5 Rh5+ 46. Kf4
Rxc5 47. Kxg4 Ke7 48. Rd2 Ke6 49. Kf4 a6 1/2-1/2

[Event "Gibtelecom AmatWk1 8th"]
[Site "Gibraltar"]
[Date "2010.01.29"]
[Round "4.13"]
[White "Agdestein, Victoria"]
[Black "Candano Gonzalez, Alvaro"]
[Result "0-1"]
[WhiteElo "1000"]
[BlackElo "1540"]
[PlyCount "74"]
[EventDate "2010.01.26"]
[EventType "swiss"]
[EventRounds "5"]
[EventCountry "GGB"]
[SourceTitle "BritBase"]
[Source "www.saund.co.uk"]
[SourceDate "2018.02.10"]
[SourceVersion "1"]
[SourceVersionDate "2018.02.10"]
[SourceQuality "1"]

1. e4 g6 2. d4 Bg7 3. Nf3 c5 4. d5 Qb6 5. Nc3 d6 6. h3 Nf6 7. Be3 Qxb2 8. Bd2
Qb6 9. Rb1 Qd8 10. Bb5+ Nbd7 11. O-O O-O 12. Qc1 Ne8 13. Bh6 Bxc3 14. Bxf8 Nxf8
15. Qe3 Bg7 16. Rfe1 Nc7 17. Bc4 Nd7 18. Ng5 a6 19. Qf4 Ne5 20. Bd3 e6 21. Qh4
h6 22. Qg3 Qxg5 23. Qxg5 hxg5 24. Rf1 b5 25. f4 Nxd3 26. cxd3 gxf4 27. Rxf4
exd5 28. Rbf1 Be6 29. Rd1 Be5 30. Rf2 Bd4 31. Re1 dxe4 32. dxe4 Bxa2 33. Ree2
Bc4 34. Re1 a5 35. e5 dxe5 36. Rd1 a4 37. Rb1 a3 0-1

[Event "Gibtelecom AmatWk1 8th"]
[Site "Gibraltar"]
[Date "2010.01.29"]
[Round "4.14"]
[White "Bath, Tom"]
[Black "Berggren, Klas"]
[Result "1/2-1/2"]
[WhiteElo "1424"]
[BlackElo "1364"]
[PlyCount "77"]
[EventDate "2010.01.26"]
[EventType "swiss"]
[EventRounds "5"]
[EventCountry "GGB"]
[SourceTitle "BritBase"]
[Source "www.saund.co.uk"]
[SourceDate "2018.02.10"]
[SourceVersion "1"]
[SourceVersionDate "2018.02.10"]
[SourceQuality "1"]

1. e4 e5 2. f4 exf4 3. Nf3 d6 4. Bc4 g5 5. h4 f6 6. Nxg5 h5 7. Nf7 Bg4 8. Nxd8
Bxd1 9. Ne6 Bxc2 10. Nxc7+ Kd7 11. Nxa8 Bxe4 12. O-O Ne7 13. Nc3 Bc6 14. Bb5
Bg7 15. a4 Na6 16. d4 Nb4 17. Bxf4 f5 18. Nb6+ axb6 19. Rad1 Ng6 20. Bg5 Nc2
21. d5 Bxb5 22. Nxb5 Bxb2 23. Rc1 Bxc1 24. Rxc1 Rc8 25. Bd2 Rc5 26. Bc3 Ne3 27.
Nxd6 Nxd5 28. Nb5 Ngf4 29. Rd1 Ne2+ 30. Kh2 Nexc3 31. Nxc3 Kc6 32. Nxd5 Rxd5
33. Rxd5 Kxd5 34. Kg3 Ke4 35. Kf2 f4 36. g3 fxg3+ 37. Kxg3 Kf5 38. Kf3 Ke5 39.
Ke3 1/2-1/2

[Event "Gibtelecom AmatWk1 8th"]
[Site "Gibraltar"]
[Date "2010.01.29"]
[Round "4.15"]
[White "Whatley, Stephen A J"]
[Black "Grodas, Margrethe Bjerkem"]
[Result "1-0"]
[WhiteElo "1408"]
[BlackElo "1000"]
[PlyCount "59"]
[EventDate "2010.01.26"]
[EventType "swiss"]
[EventRounds "5"]
[EventCountry "GGB"]
[SourceTitle "BritBase"]
[Source "www.saund.co.uk"]
[SourceDate "2018.02.10"]
[SourceVersion "1"]
[SourceVersionDate "2018.02.10"]
[SourceQuality "1"]

1. e4 e5 2. Nf3 Nc6 3. Bb5 a6 4. Bxc6 dxc6 5. c3 f6 6. O-O Bg4 7. d4 Qe7 8. Qd3
O-O-O 9. Be3 Qe6 10. Nbd2 Ne7 11. Qc2 Ng6 12. h3 Bxf3 13. Nxf3 Kb8 14. c4 h6
15. Rfd1 Be7 16. d5 Qd6 17. c5 Qd7 18. b4 f5 19. exf5 Nh4 20. Nxe5 Qe8 21. dxc6
bxc6 22. Rxd8+ Qxd8 23. Nxc6+ Kc8 24. Nxd8 Rxd8 25. Rd1 Re8 26. Qd3 Rd8 27.
Qxa6+ Kb8 28. Rxd8+ Bxd8 29. c6 Be7 30. Qb7# 1-0

[Event "Gibtelecom AmatWk1 8th"]
[Site "Gibraltar"]
[Date "2010.01.29"]
[Round "4.16"]
[White "Cox, Reginald"]
[Black "Grodas, Ole Jakob"]
[Result "1-0"]
[WhiteElo "1352"]
[BlackElo "1000"]
[PlyCount "53"]
[EventDate "2010.01.26"]
[EventType "swiss"]
[EventRounds "5"]
[EventCountry "GGB"]
[SourceTitle "BritBase"]
[Source "www.saund.co.uk"]
[SourceDate "2018.02.10"]
[SourceVersion "1"]
[SourceVersionDate "2018.02.10"]
[SourceQuality "1"]

1. e4 e5 2. Bc4 Nc6 3. Nc3 Nf6 4. d3 d6 5. Bg5 b6 6. h3 Nd4 7. Nf3 Be7 8. Nxd4
exd4 9. Ne2 c5 10. Bxf6 Bxf6 11. O-O O-O 12. Bd5 Rb8 13. Nf4 Be5 14. Ne2 Qg5
15. f4 Qh5 16. fxe5 dxe5 17. Ng3 Qg6 18. Qe1 Bb7 19. Bxb7 Rxb7 20. Rf5 Re7 21.
Qf2 Re6 22. Rf1 Rf6 23. Rxf6 gxf6 24. Qxf6 Qxg3 25. Rf3 Qg6 26. Qxe5 Qg7 27.
Rg3 1-0

[Event "Gibtelecom AmatWk1 8th"]
[Site "Gibraltar"]
[Date "2010.01.29"]
[Round "4.18"]
[White "Albrecht, Franz"]
[Black "Apps, Ian"]
[Result "1-0"]
[WhiteElo "1546"]
[BlackElo "1224"]
[PlyCount "43"]
[EventDate "2010.01.26"]
[EventType "swiss"]
[EventRounds "5"]
[EventCountry "GGB"]
[SourceTitle "BritBase"]
[Source "www.saund.co.uk"]
[SourceDate "2018.02.10"]
[SourceVersion "1"]
[SourceVersionDate "2018.02.10"]
[SourceQuality "1"]

1. d4 d5 2. c4 Nf6 3. Nc3 e6 4. Nf3 Bb4 5. a3 Ne4 6. axb4 Nxc3 7. bxc3 Bd7 8.
e3 Nc6 9. cxd5 exd5 10. Bd3 Qe7 11. O-O O-O-O 12. b5 Nb8 13. Rxa7 Qd6 14. Ne5
Be6 15. e4 Rhf8 16. Nf3 Qb6 17. Ra1 dxe4 18. Bxe4 Qxb5 19. Ba3 Rfe8 20. Rb1 Qa5
21. Bxb7+ Kd7 22. Ne5+ 1-0

[Event "Gibtelecom AmatWk1 8th"]
[Site "Gibraltar"]
[Date "2010.01.29"]
[Round "4.19"]
[White "Apps, Matthew"]
[Black "Cramling Bellon, Anna Yolanda"]
[Result "1-0"]
[WhiteElo "1000"]
[BlackElo "1000"]
[PlyCount "73"]
[EventDate "2010.01.26"]
[EventType "swiss"]
[EventRounds "5"]
[EventCountry "GGB"]
[SourceTitle "BritBase"]
[Source "www.saund.co.uk"]
[SourceDate "2018.02.10"]
[SourceVersion "1"]
[SourceVersionDate "2018.02.10"]
[SourceQuality "1"]

1. d4 d5 2. Nf3 Nc6 3. e3 Bf5 4. Bd3 e6 5. b3 Bb4+ 6. Kf1 Bc3 7. Nxc3 Nb4 8.
Bxf5 exf5 9. Ne5 Nh6 10. Nd3 Nc6 11. Ba3 a5 12. Qf3 Ne7 13. Bxe7 Qxe7 14. Nxd5
Qd6 15. c4 b6 16. Nxc7+ Qxc7 17. Qxa8+ Qd8 18. Qxd8+ Kxd8 19. h3 g5 20. g4 fxg4
21. hxg4 Nxg4 22. Ne5 Nxe5 23. dxe5 Rg8 24. Rxh7 Ke8 25. Rd1 Rf8 26. Rd6 Ke7
27. Rxb6 Kd7 28. e6+ Kc7 29. Rxf7+ Kxb6 30. Rxf8 Kc6 31. e7 Kd6 32. e8=Q Kc5
33. Qe5+ Kb4 34. Qxg5 a4 35. bxa4 Kxa4 36. Qb5+ Ka3 37. Ra8# 1-0

[Event "Gibtelecom AmatWk1 8th"]
[Site "Gibraltar"]
[Date "2010.01.29"]
[Round "4.20"]
[White "Cox, Marian"]
[Black "Apps, Ray"]
[Result "1-0"]
[WhiteElo "1384"]
[BlackElo "1000"]
[PlyCount "79"]
[EventDate "2010.01.26"]
[EventType "swiss"]
[EventRounds "5"]
[EventCountry "GGB"]
[SourceTitle "BritBase"]
[Source "www.saund.co.uk"]
[SourceDate "2018.02.10"]
[SourceVersion "1"]
[SourceVersionDate "2018.02.10"]
[SourceQuality "1"]

1. e4 Nf6 2. Nc3 e5 3. Nf3 d6 4. d3 c5 5. b3 Nc6 6. Be2 Be6 7. O-O g6 8. Bb2
Bh6 9. Bc1 Bg7 10. Ng5 Bd7 11. Bb2 O-O 12. a3 h6 13. Nf3 b6 14. Nd2 Be6 15. Nc4
b5 16. Ne3 h5 17. Ned5 Qa5 18. Nxf6+ Bxf6 19. Nd5 Bd8 20. f4 f6 21. fxe5 fxe5
22. Rxf8+ Kxf8 23. b4 Qa4 24. c4 Rb8 25. Qxa4 bxa4 26. Rf1+ Kg7 27. b5 Nd4 28.
Bd1 Bg4 29. Bxg4 hxg4 30. Nc3 Bg5 31. Nxa4 Rf8 32. Rxf8 Ne2+ 33. Kf1 Kxf8 34.
Kxe2 Kf7 35. Nc3 Bf4 36. h3 gxh3 37. gxh3 g5 38. Kf3 Bd2 39. Nd5 a5 40. bxa6
1-0

[Event "Gibtelecom AmatWk1 8th"]
[Site "Gibraltar"]
[Date "2010.01.30"]
[Round "5.1"]
[White "Hegelund, Ole Jakob"]
[Black "Rujan, Rodel-Marinel"]
[Result "0-1"]
[WhiteElo "1702"]
[BlackElo "1780"]
[PlyCount "76"]
[EventDate "2010.01.26"]
[EventType "swiss"]
[EventRounds "5"]
[EventCountry "GGB"]
[SourceTitle "BritBase"]
[Source "www.saund.co.uk"]
[SourceDate "2018.02.10"]
[SourceVersion "1"]
[SourceVersionDate "2018.02.10"]
[SourceQuality "1"]

1. e4 d6 2. c3 Nf6 3. Qc2 g6 4. g3 Bg7 5. Bg2 O-O 6. Ne2 c5 7. d4 cxd4 8. cxd4
e5 9. d5 Na6 10. O-O Bd7 11. Nbc3 b5 12. a3 b4 13. Na2 Rc8 14. Qd1 bxa3 15.
bxa3 Bb5 16. Nac3 Bc4 17. Qa4 Bxe2 18. Nxe2 Nc5 19. Qd1 Nfxe4 20. Be3 f5 21.
Rc1 Qa5 22. Bxe4 Nxe4 23. Qb3 Nf6 24. Qb7 Rb8 25. Qxa7 Qxa7 26. Bxa7 Rb7 27.
Be3 Nxd5 28. Rfd1 Nxe3 29. fxe3 Rd8 30. a4 Bf8 31. Rc2 Ra8 32. Ra2 Ra5 33. Kf2
Rb4 34. Rda1 Kf7 35. Nc3 Ke6 36. Ke2 e4 37. Nb5 Bg7 38. Rd1 Rbxb5 0-1

[Event "Gibtelecom AmatWk1 8th"]
[Site "Gibraltar"]
[Date "2010.01.30"]
[Round "5.2"]
[White "Kuenitz, Klaus"]
[Black "Sigamoney, Cyril S"]
[Result "1/2-1/2"]
[WhiteElo "1755"]
[BlackElo "1783"]
[PlyCount "188"]
[EventDate "2010.01.26"]
[EventType "swiss"]
[EventRounds "5"]
[EventCountry "GGB"]
[SourceTitle "BritBase"]
[Source "www.saund.co.uk"]
[SourceDate "2018.02.10"]
[SourceVersion "1"]
[SourceVersionDate "2018.02.10"]
[SourceQuality "1"]

1. d4 d5 2. c4 c6 3. cxd5 cxd5 4. Nc3 Nf6 5. Bf4 Nc6 6. Nf3 Qb6 7. Na4 Qa5+ 8.
Bd2 Qd8 9. Rc1 e6 10. e3 Bd6 11. Bb5 Bd7 12. O-O O-O 13. Nc5 Bxc5 14. dxc5 Ne4
15. Bd3 Nxd2 16. Qxd2 f5 17. b4 b6 18. b5 Na5 19. c6 Bc8 20. Rfd1 Qd6 21. Qb2
Rf7 22. Qd4 a6 23. Qh4 h6 24. a4 axb5 25. axb5 Nb3 26. Rb1 Nc5 27. Qg3 Qxg3 28.
hxg3 Rfa7 29. Ne5 Kf8 30. Be2 Ne4 31. Re1 Ke7 32. g4 Kd6 33. Nd3 Nc3 34. Rb4
Ra3 35. Bf1 fxg4 36. Rxg4 Nxb5 37. Rxg7 Ra1 38. g4 Rxe1 39. Nxe1 Nc7 40. Nf3
Ra1 41. Kg2 b5 42. Nd4 b4 43. Rg8 Ra8 44. Rh8 Rb8 45. Bd3 b3 46. Rxh6 b2 47.
Rh8 e5 48. Nf5+ Bxf5 49. Rxb8 Bxd3 50. Rxb2 Kxc6 51. f4 d4 52. exd4 exf4 53.
Kf3 Ne6 54. Rd2 Bc4 55. Ke4 Kd6 56. d5 Nc5+ 57. Kxf4 Bxd5 58. g5 Ne6+ 59. Kf5
Ng7+ 60. Kf6 Ne8+ 61. Kg6 Nc7 62. Kh7 Ne6 63. g6 Nf8+ 64. Kg7 Nxg6 65. Kxg6 Ke5
66. Kg5 Ke4 67. Kg4 Be6+ 68. Kg3 Ke3 69. Rd8 Ke4 {(=)} 70. Ra8 Bd7 71. Ra7 Bc6
72. Re7+ Kf5 73. Kf2 Kf6 74. Re3 Kf5 75. Ke2 Bb5+ 76. Kd2 Kf4 77. Re7 Bc4 78.
Kc3 Bd5 79. Kd4 Bb3 80. Re8 Kf5 81. Re5+ Kf6 82. Ke4 Bc2+ 83. Kf4 Bd3 84. Rd5
Bg6 85. Rd6+ Kf7 86. Kg5 Bb1 87. Rf6+ Ke7 88. Rb6 Be4 89. Kf4 Bd3 90. Ke5 Kf7
91. Rf6+ Ke7 92. Re6+ Kf7 93. Rd6 Bc2 94. Rd7+ Kg6 1/2-1/2

[Event "Gibtelecom AmatWk1 8th"]
[Site "Gibraltar"]
[Date "2010.01.30"]
[Round "5.3"]
[White "Barros Campoy, Jose Manuel"]
[Black "Manetto, Luis"]
[Result "0-1"]
[WhiteElo "1585"]
[BlackElo "1590"]
[PlyCount "88"]
[EventDate "2010.01.26"]
[EventType "swiss"]
[EventRounds "5"]
[EventCountry "GGB"]
[SourceTitle "BritBase"]
[Source "www.saund.co.uk"]
[SourceDate "2018.02.10"]
[SourceVersion "1"]
[SourceVersionDate "2018.02.10"]
[SourceQuality "1"]

1. d4 Nf6 2. Bg5 e6 3. e3 Be7 4. g3 d5 5. Bg2 h6 6. Bxf6 Bxf6 7. Ne2 O-O 8. O-O
b6 9. Nd2 Bb7 10. c4 c6 11. Rc1 Nd7 12. b3 Rc8 13. e4 Bg5 14. f4 Be7 15. e5 c5
16. cxd5 exd5 17. f5 cxd4 18. e6 fxe6 19. fxe6 Nf6 20. Nxd4 Bc5 21. N2f3 Ng4
22. Qd2 Qd6 23. Kh1 a6 24. Rce1 Bb4 25. Qe2 Bxe1 26. Qxe1 Rce8 27. Bh3 Nf6 28.
Nh4 Ne4 29. Ng6 Rf6 30. Rxf6 Nxf6 31. Qf2 Qc5 32. Qe3 Rc8 33. e7 Qc1+ 34. Qxc1
Rxc1+ 35. Kg2 Kf7 36. Bf5 Bc8 37. Bc2 Rxc2+ 38. Nxc2 Kxg6 39. Nd4 Bd7 40. Kf3
Kf7 41. e8=Q+ Nxe8 42. Kf4 Kf6 43. h4 Nc7 44. a4 Ne6+ 0-1

[Event "Gibtelecom AmatWk1 8th"]
[Site "Gibraltar"]
[Date "2010.01.30"]
[Round "5.4"]
[White "Elfverson, Cajsa"]
[Black "Brooks, Harry"]
[Result "0-1"]
[WhiteElo "1569"]
[BlackElo "1552"]
[PlyCount "102"]
[EventDate "2010.01.26"]
[EventType "swiss"]
[EventRounds "5"]
[EventCountry "GGB"]
[SourceTitle "BritBase"]
[Source "www.saund.co.uk"]
[SourceDate "2018.02.10"]
[SourceVersion "1"]
[SourceVersionDate "2018.02.10"]
[SourceQuality "1"]

1. Nf3 Nf6 2. g3 b6 3. Bg2 Bb7 4. O-O e6 5. d3 d5 6. Nbd2 Be7 7. Re1 O-O 8. b3
c5 9. c4 d4 10. Nf1 Qc7 11. e3 dxe3 12. Nxe3 Nc6 13. Bb2 Rad8 14. Qe2 Rd7 15.
Nc2 Rfd8 16. Rad1 Ne8 17. Rd2 Bf6 18. Bxf6 Nxf6 19. Bh3 h6 20. Red1 g5 21. Bg2
g4 22. Nh4 Qe5 23. Qf1 h5 24. Re1 Qc3 25. Red1 Ne5 26. d4 Bxg2 27. Kxg2 cxd4
28. Qe1 Nf3 29. Nxf3 Qxf3+ 30. Kg1 Qf5 31. Nb4 Qc5 32. Nd3 Qf5 33. Re2 Nh7 34.
Re5 Qf6 35. Nf4 Ng5 36. Kf1 Nf3 37. Nxh5 Qxe5 38. Qxe5 Nxe5 39. Nf6+ Kg7 40.
Nxd7 Rxd7 41. Ke2 Kf6 42. Rh1 Kf5 43. h4 Ke4 44. h5 f5 45. h6 Rh7 46. a3 d3+
47. Kd2 Nf3+ 48. Kd1 Kd4 49. a4 a5 50. Kc1 Kc3 51. c5 bxc5 0-1

[Event "Gibtelecom AmatWk1 8th"]
[Site "Gibraltar"]
[Date "2010.01.30"]
[Round "5.6"]
[White "Poggio, Freddie"]
[Black "Agdestein, Sjur"]
[Result "1-0"]
[WhiteElo "1640"]
[BlackElo "1729"]
[PlyCount "81"]
[EventDate "2010.01.26"]
[EventType "swiss"]
[EventRounds "5"]
[EventCountry "GGB"]
[SourceTitle "BritBase"]
[Source "www.saund.co.uk"]
[SourceDate "2018.02.10"]
[SourceVersion "1"]
[SourceVersionDate "2018.02.10"]
[SourceQuality "1"]

1. Nf3 c5 2. e4 Nc6 3. d4 cxd4 4. Nxd4 Nf6 5. Nc3 e5 6. Nf3 d6 7. Be2 Be7 8.
Bg5 Be6 9. Qd2 a6 10. O-O h6 11. Bh4 Rc8 12. Rad1 Na5 13. Bxf6 gxf6 14. Nd5 f5
15. Nxe7 Kxe7 16. Qb4 f6 17. exf5 Bxf5 18. Bd3 Bxd3 19. Rxd3 Rc4 20. Qd2 b5 21.
b3 Rg4 22. Rd1 Nb7 23. h3 Rg7 24. Qe2 Qc8 25. Nh4 f5 26. Rxd6 Nxd6 27. Qxe5+
Kf7 28. Rxd6 Rd8 29. Qf6+ Ke8 30. Rxd8+ Qxd8 31. Qxg7 Qd1+ 32. Kh2 Qd6+ 33. Qg3
f4 34. Qd3 Qc5 35. Qe4+ Kd7 36. Qxf4 Qa3 37. Nf5 Qxa2 38. Qd6+ Kc8 39. Ne7+ Kb7
40. Qc6+ Ka7 41. Nd5 1-0

[Event "Gibtelecom AmatWk1 8th"]
[Site "Gibraltar"]
[Date "2010.01.30"]
[Round "5.7"]
[White "Jacobsen, Caroline Beer"]
[Black "Gallardo Ribot, Laura"]
[Result "1-0"]
[WhiteElo "1300"]
[BlackElo "1698"]
[PlyCount "47"]
[EventDate "2010.01.26"]
[EventType "swiss"]
[EventRounds "5"]
[EventCountry "GGB"]
[SourceTitle "BritBase"]
[Source "www.saund.co.uk"]
[SourceDate "2018.02.10"]
[SourceVersion "1"]
[SourceVersionDate "2018.02.10"]
[SourceQuality "1"]

1. e4 e5 2. Nf3 Nc6 3. Bb5 a6 4. Ba4 b5 5. Bb3 Bc5 6. c3 Nf6 7. O-O Nxe4 8. d4
Bb6 9. Bd5 Nf6 10. Bxc6 dxc6 11. Nxe5 Qd5 12. Re1 O-O 13. Bg5 Ne4 14. Bf4 c5
15. Qd3 Bf5 16. f3 Ng3 17. Qd2 cxd4 18. c4 d3+ 19. Be3 Ne2+ 20. Rxe2 dxe2 21.
cxd5 Bd3 22. Bxb6 Rfe8 23. Nxd3 Rad8 24. Nc3 1-0

[Event "Gibtelecom AmatWk1 8th"]
[Site "Gibraltar"]
[Date "2010.01.30"]
[Round "5.8"]
[White "McGladdery, David G"]
[Black "Reci, Nadja"]
[Result "1-0"]
[WhiteElo "1664"]
[BlackElo "1544"]
[PlyCount "93"]
[EventDate "2010.01.26"]
[EventType "swiss"]
[EventRounds "5"]
[EventCountry "GGB"]
[SourceTitle "BritBase"]
[Source "www.saund.co.uk"]
[SourceDate "2018.02.10"]
[SourceVersion "1"]
[SourceVersionDate "2018.02.10"]
[SourceQuality "1"]

1. Nf3 d5 2. d4 Nf6 3. e3 g6 4. Bd3 Bg7 5. O-O O-O 6. Nbd2 c6 7. c4 Bg4 8. h3
Bxf3 9. Nxf3 Ne4 10. Bxe4 dxe4 11. Ng5 f5 12. Ne6 Qd7 13. Nxf8 Kxf8 14. f3 exf3
15. Qxf3 e6 16. Kh1 Qf7 17. Bd2 Nd7 18. Rad1 Rc8 19. Bc3 Nf6 20. d5 exd5 21.
Bxf6 Bxf6 22. cxd5 cxd5 23. Qxd5 Qxd5 24. Rxd5 Ke7 25. Rfd1 Rc7 26. b3 b6 27.
R5d3 Rb7 28. Kg1 a5 29. a4 Rc7 30. Kf2 Bc3 31. Kf3 Bb4 32. e4 Ke6 33. exf5+
gxf5 34. Rd8 Rf7 35. Rc8 Bc5 36. Re8+ Be7 37. Kf4 Rg7 38. Rxe7+ Kxe7 39. g3 Ke6
40. Re1+ Kf6 41. Re3 h5 42. Rd3 Ke6 43. Rc3 Rd7 44. Rc6+ Rd6 45. Rxd6+ Kxd6 46.
Kxf5 Kc5 47. g4 1-0